Á lódáil...

Grantha Suchika /

Sonraí Bibleagrafaíochta
Príomhúdar: A. K. Parikar
Formáid: Printed Book
Teanga:English
Foilsithe: Kottayam : National Book Trust, 1968.
LEADER 00425nam a2200121Ia 4500
008 160114b xxu||||| |||| 00| 0 eng d
082 |a 25.31 
100 |a A. K. Parikar 
245 |a Grantha Suchika /  |c by A. K. Parikar 
260 |a Kottayam :  |b National Book Trust,   |c 1968. 
942 |c BK 
999 |c 294099  |d 294099 
952 |0 0  |1 0  |4 0  |6 25_310000000000000  |7 0  |9 334545  |a HIS  |b HIS  |c ST1  |d 2016-02-02  |i 7320  |l 0  |o 25.31  |p HIS7320  |r 2016-02-02  |w 2016-02-02  |y BK